000 00484cam a2200181ua 4500
020 _a81 203 0176 5
_c175.00
041 _aeng
_h
082 _a005.74068
_bMAR/PR
100 _aMartin, James .
245 _aPrinciples of database management /
_cJames Martin.
_hTextual Documents
250 _a1 /
_b.
260 _aNew Delhi :
_bPrentice Hall of India Pvt Ltd. ,
_c2001.
300 _a352 ; .
365 _a175.00
504 _a
942 _cBK
999 _c9517
_d9517